مكتبة جامعة عجلون الوطنية

فهرس بحث المكتبة

Normal view MARC view
  • الرياضيات - تعليم - معالجة بيانات

Entry Topical Term

Number of records used in: 1

001 - CONTROL NUMBER

  • control field: 57648

003 - CONTROL NUMBER IDENTIFIER

  • control field: JO-AjAnu

005 - DATE AND TIME OF LATEST TRANSACTION

  • control field: 20230606083435.0

008 - FIXED-LENGTH DATA ELEMENTS

  • fixed length control field: 230606|| aca||aabn | a|a d

040 ## - CATALOGING SOURCE

  • Original cataloging agency: JO-AjAnu
  • Transcribing agency: JO-AjAnu

150 ## - HEADING--TOPICAL TERM

  • Topical term or geographic name entry element: الرياضيات - تعليم - معالجة بيانات

670 ## - SOURCE DATA FOUND

  • Source citation: Work cat.: (JO-AjAnu)29414: اعداد الفياض، رشا غني هاشم؛ اشراف احمد حسن القضاة, author 57647, درجة امتلاك اساتذة الرياضيات للكفايات الحاسوبية وممارستهم لها في كليات التربية في الجامعات العراقية= The Degree of Possessing and Practicing the Computer Competencies by Mathematics Teachers at the Iragi Universities